| 000 | 00434nam a2200157Ia 4500 | ||
|---|---|---|---|
| 008 | 210719s1977 xx 000 0 und d | ||
| 041 | _aeng | ||
| 082 | _a631.7 PUTI | ||
| 100 | _aPUTTASWAMAIAH (K) | ||
| 245 | _aIrrigation projects in India towards a new policy. | ||
| 260 |
_aBangalore. _bNrusimha Publications, _c1977 |
||
| 300 |
_aix,96 _bHB |
||
| 365 |
_b25 _cRs |
||
| 650 | _aAgriculture | ||
| 906 | _aIrrigation Projects India | ||
| 999 |
_c212813 _d212813 |
||